000 00701nam a2200217 a 4500
001 000029404
005 20200930055527.0
008 110415s1998 dr a 000 0 spa d
020 _a8495188090
040 _aDO-SdBNP
_bspa
_cBNPHU
082 _axxx
_bA258p
100 1 _aMartínez San Pedro, África
_936388
245 1 0 _aLa probabilidad en el aula :
_buna propuesta de trabajo /
_cÁfrica Martínez San Pedro.
260 _aSanto Domingo :
_bCentro Cultural Poveda,
_c1998.
300 _a19 p. :
_bil. ;
_c28 cm.
490 1 _aEstrategías
_vno. 1
500 _aIncluye notas al pie de las páginas
504 _aBibliografía : p. 19
830 0 _aEstrategías ;
_vno. 1
_956276
049 _aBNPD
999 _c28896
_d28896